[Event "Windsor NAYCC U12"]
[Site "Windsor"]
[Date "2016.08.07"]
[Round "1.109"]
[White "Ouyang, Nathan J"]
[Black "Asemota, Eghosa"]
[Result "1-0"]
[WhiteElo "1693"]
[BlackElo "803"]
[PlyCount "53"]
[EventDate "2016.08.07"]
[EventType "swiss"]
[EventRounds "9"]
[EventCountry "CAN"]
[SourceTitle "EXT 2022"]
[Source "ChessBase"]
[SourceDate "2021.10.06"]
[SourceVersion "1"]
[SourceVersionDate "2021.10.06"]
[SourceQuality "1"]

1. e4 c5 2. Nf3 d6 3. d4 Nc6 4. Bc4 Bg4 5. c3 Nf6 6. Qb3 Be6 7. Bxe6 fxe6 8. Qxe6 cxd4 9. cxd4 Qd7 10. Qxd7+ Nxd7 11. d5 Nce5 12. Nd4 Nc5 13. Nc3 Ncd3+ 14. Ke2 Nxc1+ 15. Raxc1 Kf7 16. f4 Nc4 17. b3 Nb6 18. e5 dxe5 19. fxe5 Rd8 20. Rhf1+ Kg6 21. Ne6 Rc8 22. g4 h6 23. h4 h5 24. gxh5+ Kxh5 25. Rf5+ Kxh4 26. Rh1+ Kg4 27. Rg5# 1-0